The biology of the honey bee /

Guardado en:
Autor Principal: Winston, Mark L.
Formato: Libro
Idioma:English
Publicado: Cambridge, Mass. : Harvard University Press, c1987.
Materias:
Etiquetas: Agregar Etiqueta
Sin Etiquetas, Sea el primero en etiquetar este registro!
LEADER 00673pam a2200205 a 4500
001 EEA.libagro009396
005 20180424115603.0
008 861208s1987####maua#####b####001#0#eng##
020 |a 0674074092 
082 0 0 |a 595.799 
100 1 |a Winston, Mark L. 
245 1 4 |a The biology of the honey bee /  |c Mark L. Winston. 
260 |a Cambridge, Mass. :  |b Harvard University Press,  |c c1987. 
300 |a viii, 281 p. :  |b il. ;  |c 27 cm. 
500 |a Incluye índices. 
504 |a Bibliografía: p. [227]-267. 
650 7 |a Abeja melífera  |x Biología  |2 agrovoc 
650 7 |a Apis mellifera  |2 agrovoc 
650 7 |a Apidae  |2 agrovoc 
859 |a AR-BbBCA  |b BIB. AGRONOMIA  |h 595.799  |i W783  |p 2006/5027